[Event "Team Championship (men blitz)"]
[Site "Sochi"]
[Date "2017.10.05"]
[Round "9.12"]
[White "Yuffa, Daniil"]
[Black "Usmanov, Vasily"]
[Result "1/2-1/2"]
[LiveChessVersion "1.4.8"]
[BlackElo "2441"]
[WhiteElo "2542"]

1. g3 {[%clk 0:03:03]} d5 {[%clk 0:03:03]} 2. Bg2 {[%clk 0:03:04]} Nf6
{[%clk 0:03:04]} 3. Nf3 {[%clk 0:03:05]} c6 {[%clk 0:03:03]} 4. O-O
{[%clk 0:03:06]} Bf5 {[%clk 0:03:04]} 5. d3 {[%clk 0:03:07]} e6 {[%clk 0:03:03]}
6. Nbd2 {[%clk 0:03:08]} h6 {[%clk 0:03:03]} 7. c4 {[%clk 0:03:08]} Be7
{[%clk 0:02:57]} 8. cxd5 {[%clk 0:03:03]} cxd5 {[%clk 0:02:46]} 9. Qb3
{[%clk 0:03:01]} Qb6 {[%clk 0:02:36]} 10. Qxb6 {[%clk 0:02:57]} axb6
{[%clk 0:02:37]} 11. Nd4 {[%clk 0:02:58]} Bg6 {[%clk 0:02:29]} 12. N2f3
{[%clk 0:02:59]} Nc6 {[%clk 0:02:27]} 13. Nxc6 {[%clk 0:02:59]} bxc6
{[%clk 0:02:28]} 14. Ne5 {[%clk 0:03:00]} Bh5 {[%clk 0:02:00]} 15. f3
{[%clk 0:03:01]} Bc5+ {[%clk 0:01:55]} 16. Kh1 {[%clk 0:02:57]} Nd7
{[%clk 0:01:55]} 17. Nxc6 {[%clk 0:02:50]} O-O {[%clk 0:01:38]} 18. Bd2
{[%clk 0:02:47]} Rfc8 {[%clk 0:01:36]} 19. Nb4 {[%clk 0:02:38]} Bxb4
{[%clk 0:01:30]} 20. Bxb4 {[%clk 0:02:39]} Rc2 {[%clk 0:01:32]} 21. e4
{[%clk 0:02:32]} Rxb2 {[%clk 0:01:31]} 22. a3 {[%clk 0:02:30]} d4
{[%clk 0:01:22]} 23. g4 {[%clk 0:02:24]} Bg6 {[%clk 0:01:22]} 24. f4
{[%clk 0:02:25]} Rc8 {[%clk 0:01:07]} 25. Rac1 {[%clk 0:02:18]} Rbc2
{[%clk 0:01:08]} 26. Rxc2 {[%clk 0:02:17]} Rxc2 {[%clk 0:01:09]} 27. f5
{[%clk 0:02:18]} Bh7 {[%clk 0:01:07]} 28. Bd6 {[%clk 0:02:04]} g6
{[%clk 0:00:46]} 29. fxe6 {[%clk 0:02:02]} fxe6 {[%clk 0:00:47]} 30. g5
{[%clk 0:02:03]} Kg7 {[%clk 0:00:35]} 31. Bh3 {[%clk 0:01:59]} Bg8
{[%clk 0:00:36]} 32. gxh6+ {[%clk 0:01:32]} Kxh6 {[%clk 0:00:37]} 33. Bf8+
{[%clk 0:01:17]} Nxf8 {[%clk 0:00:30]} 34. Rxf8 Kg7 35. Rd8 {[%clk 0:01:17]} e5
{[%clk 0:00:30]} 36. Rd7+ {[%clk 0:01:13]} Kh6 {[%clk 0:00:26]} 37. Re7
{[%clk 0:01:12]} Rc5 {[%clk 0:00:26]} 38. Kg2 {[%clk 0:01:06]} Bb3
{[%clk 0:00:27]} 39. Kf2 {[%clk 0:01:00]} Kg5 {[%clk 0:00:28]} 40. Bf1
{[%clk 0:00:46]} Kf4 {[%clk 0:00:27]} 41. Re8 {[%clk 0:00:43]} Rc2+
{[%clk 0:00:27]} 42. Be2 {[%clk 0:00:43]} Ra2 {[%clk 0:00:28]} 43. Rf8+
{[%clk 0:00:40]} Kg5 {[%clk 0:00:29]} 44. Kf3 {[%clk 0:00:35]} Be6
{[%clk 0:00:24]} 45. Bf1 {[%clk 0:00:20]} Rxh2 {[%clk 0:00:25]} 46. Re8
{[%clk 0:00:17]} Kf6 {[%clk 0:00:24]} 47. Rf8+ {[%clk 0:00:18]} Kg5
{[%clk 0:00:25]} 48. Re8 {[%clk 0:00:19]} Kf6 {[%clk 0:00:22]} 49. Rf8+
{[%clk 0:00:21]} Ke7 {[%clk 0:00:24]} 50. Rb8 {[%clk 0:00:22]} Rb2
{[%clk 0:00:24]} 51. a4 {[%clk 0:00:18]} Rb1 {[%clk 0:00:19]} 52. Be2
{[%clk 0:00:16]} Kd6 {[%clk 0:00:11]} 53. a5 {[%clk 0:00:17]} Kc7
{[%clk 0:00:10]} 54. Re8 {[%clk 0:00:12]} Kd7 {[%clk 0:00:09]} 55. Rb8
{[%clk 0:00:13]} Kc7 {[%clk 0:00:11]} 56. Re8 {[%clk 0:00:14]} Kd7
{[%clk 0:00:10]} 57. Rb8 {[%clk 0:00:15]} b5 {[%clk 0:00:08]} 58. a6
{[%clk 0:00:17]} Ra1 {[%clk 0:00:07]} 59. Rb6 {[%clk 0:00:17]} b4
{[%clk 0:00:06]} 60. Rxb4 {[%clk 0:00:11]} Rxa6 {[%clk 0:00:06]} 61. Rb7+
{[%clk 0:00:12]} Ke8 {[%clk 0:00:05]} 62. Bd1 {[%clk 0:00:10]} Bf7
{[%clk 0:00:05]} 63. Rb5 {[%clk 0:00:08]} Re6 {[%clk 0:00:04]} 64. Kg4
{[%clk 0:00:09]} Kf8 {[%clk 0:00:05]} 65. Bb3 {[%clk 0:00:09]} Re7
{[%clk 0:00:06]} 66. Bxf7 {[%clk 0:00:07]} Kxf7 {[%clk 0:00:07]} 67. Kg5
{[%clk 0:00:07]} Re6 {[%clk 0:00:07]} 68. Rb7+ {[%clk 0:00:08]} Kf8
{[%clk 0:00:08]} 69. Kh6 {[%clk 0:00:06]} Ke8 {[%clk 0:00:07]} 70. Kg5
{[%clk 0:00:06]} Kf8 {[%clk 0:00:08]} 71. Rc7 {[%clk 0:00:07]} Ke8
{[%clk 0:00:09]} 72. Rg7 {[%clk 0:00:06]} Rc6 {[%clk 0:00:09]} 73. Rxg6
{[%clk 0:00:06]} Rc3 {[%clk 0:00:10]} 74. Kf5 {[%clk 0:00:06]} Rxd3
{[%clk 0:00:11]} 75. Kxe5 {[%clk 0:00:07]} Rd1 {[%clk 0:00:11]} 76. Re6+
{[%clk 0:00:06]} Kf7 {[%clk 0:00:12]} 77. Rf6+ {[%clk 0:00:07]} Ke7
{[%clk 0:00:13]} 78. Rf3 {[%clk 0:00:07]} d3 {[%clk 0:00:14]} 79. Kd4
{[%clk 0:00:05]} d2 {[%clk 0:00:15]} 80. Kd3 {[%clk 0:00:05]} Re1
{[%clk 0:00:15]} 81. Kxd2 {[%clk 0:00:06]} Rxe4 {[%clk 0:00:16]} 82. Re3
{[%clk 0:00:07]} Rxe3 {[%clk 0:00:18]} 83. Kxe3 {[%clk 0:00:08]} 1/2-1/2

[Event "Team Championship (men blitz)"]
[Site "Sochi"]
[Date "2017.10.05"]
[Round "9.13"]
[White "Tsoi, Dmitry"]
[Black "Grachev, Boris"]
[Result "0-1"]
[LiveChessVersion "1.4.8"]
[BlackElo "2625"]
[WhiteElo "2357"]

1. e4 {[%clk 0:03:03]} c5 {[%clk 0:03:04]} 2. Nf3 {[%clk 0:03:04]} Nf6
{[%clk 0:03:05]} 3. Nc3 {[%clk 0:03:01]} d5 {[%clk 0:03:06]} 4. e5
{[%clk 0:02:57]} Nfd7 {[%clk 0:03:06]} 5. e6 {[%clk 0:02:56]} fxe6
{[%clk 0:03:07]} 6. d4 {[%clk 0:02:55]} Nc6 {[%clk 0:03:00]} 7. Bf4
{[%clk 0:02:51]} cxd4 {[%clk 0:02:24]} 8. Nxd4 {[%clk 0:02:49]} e5
{[%clk 0:02:09]} 9. Ne6 {[%clk 0:02:24]} Qa5 {[%clk 0:01:57]} 10. Bd2
{[%clk 0:01:53]} Nf6 {[%clk 0:01:16]} 11. Nb5 {[%clk 0:01:52]} Qa4
{[%clk 0:01:16]} 12. Nbc7+ {[%clk 0:01:12]} Kf7 {[%clk 0:01:17]} 13. Ng5+
{[%clk 0:01:13]} Kg8 {[%clk 0:01:16]} 14. Nxa8 {[%clk 0:01:13]} h6
{[%clk 0:01:10]} 15. b3 {[%clk 0:00:46]} Qa3 {[%clk 0:00:55]} 16. Nf3
{[%clk 0:00:46]} e4 {[%clk 0:00:54]} 17. Nh4 {[%clk 0:00:47]} Bg4
{[%clk 0:00:28]} 18. Be2 {[%clk 0:00:27]} Bxe2 {[%clk 0:00:29]} 19. Qxe2
{[%clk 0:00:28]} Nd4 {[%clk 0:00:30]} 20. Qd1 {[%clk 0:00:28]} Kf7
{[%clk 0:00:15]} 21. Bc3 {[%clk 0:00:23]} Ne6 {[%clk 0:00:09]} 22. O-O
{[%clk 0:00:19]} Qc5 {[%clk 0:00:10]} 23. Bxf6 {[%clk 0:00:16]} exf6
{[%clk 0:00:10]} 24. Qh5+ {[%clk 0:00:16]} Kg8 {[%clk 0:00:10]} 25. Rad1
{[%clk 0:00:14]} Nf4 {[%clk 0:00:06]} 26. Qg4 {[%clk 0:00:11]} g5
{[%clk 0:00:04]} 27. g3 {[%clk 0:00:08]} h5 {[%clk 0:00:03]} 28. Qd7
{[%clk 0:00:05]} Ne2+ {[%clk 0:00:03]} 29. Kh1 {[%clk 0:00:06]} gxh4
{[%clk 0:00:04]} 30. Qxd5+ {[%clk 0:00:05]} Qxd5 {[%clk 0:00:04]} 31. Rxd5
{[%clk 0:00:07]} Kf7 {[%clk 0:00:04]} 32. Re1 {[%clk 0:00:06]} Nc3
{[%clk 0:00:05]} 33. Rd7+ {[%clk 0:00:07]} Kg6 {[%clk 0:00:05]} 34. Rxb7
{[%clk 0:00:08]} Bc5 {[%clk 0:00:05]} 35. Kg2 {[%clk 0:00:06]} Rxa8
{[%clk 0:00:05]} 36. Rc7 {[%clk 0:00:07]} h3+ {[%clk 0:00:06]} 37. Kxh3
{[%clk 0:00:07]} Bxf2 {[%clk 0:00:05]} 38. Rh1 {[%clk 0:00:04]} Nd5
{[%clk 0:00:05]} 39. Rd7 {[%clk 0:00:05]} Nb6 {[%clk 0:00:04]} 40. Re7
{[%clk 0:00:06]} e3 {[%clk 0:00:05]} 41. Kg2 {[%clk 0:00:08]} Rd8
{[%clk 0:00:06]} 42. Kf3 {[%clk 0:00:08]} Rd2 {[%clk 0:00:06]} 43. c4
{[%clk 0:00:09]} Rxa2 {[%clk 0:00:06]} 44. c5 {[%clk 0:00:10]} Nd5
{[%clk 0:00:07]} 45. Rd7 {[%clk 0:00:12]} Nb4 {[%clk 0:00:06]} 46. Rb7
{[%clk 0:00:06]} Nc6 {[%clk 0:00:07]} 47. Kg2 {[%clk 0:00:04]} Be1+
{[%clk 0:00:06]} 48. Kf3 {[%clk 0:00:04]} Bd2 {[%clk 0:00:06]} 49. Ke4
{[%clk 0:00:06]} e2 {[%clk 0:00:06]} 50. Rc7 {[%clk 0:00:07]} Ne5
{[%clk 0:00:06]} 51. c6 {[%clk 0:00:08]} e1=Q+ {[%clk 0:00:05]} 52. Rxe1
{[%clk 0:00:09]} Bxe1 {[%clk 0:00:06]} 53. Rc8 {[%clk 0:00:09]} Re2+
{[%clk 0:00:06]} 54. Kd5 {[%clk 0:00:11]} Rd2+ {[%clk 0:00:06]} 55. Ke6
{[%clk 0:00:11]} Nxc6 {[%clk 0:00:05]} 56. Rxc6 {[%clk 0:00:12]} Re2+
{[%clk 0:00:05]} 57. Kd5 {[%clk 0:00:13]} Rxh2 {[%clk 0:00:05]} 58. Ra6
{[%clk 0:00:12]} Bf2 {[%clk 0:00:05]} 59. Kd4 0-1

[Event "Team Championship (men blitz)"]
[Site "Sochi"]
[Date "2017.10.05"]
[Round "9.14"]
[White "Popov, Ivan"]
[Black "Murzin, Volodar"]
[Result "1-0"]
[LiveChessVersion "1.4.8"]
[BlackElo "2268"]
[WhiteElo "2607"]

1. e4 {[%clk 0:03:03]} c5 {[%clk 0:03:03]} 2. Nf3 {[%clk 0:03:04]} d6
{[%clk 0:03:04]} 3. d4 {[%clk 0:03:05]} cxd4 {[%clk 0:03:05]} 4. Qxd4
{[%clk 0:03:06]} a6 {[%clk 0:03:04]} 5. c4 {[%clk 0:03:06]} Nc6 {[%clk 0:03:02]}
6. Qe3 {[%clk 0:03:07]} g6 {[%clk 0:02:53]} 7. Be2 {[%clk 0:03:07]} Nf6
{[%clk 0:02:52]} 8. h3 {[%clk 0:03:06]} Bg7 {[%clk 0:02:52]} 9. O-O
{[%clk 0:03:07]} O-O {[%clk 0:02:51]} 10. Nc3 {[%clk 0:03:07]} Nd7
{[%clk 0:02:48]} 11. Rb1 {[%clk 0:03:06]} a5 {[%clk 0:02:48]} 12. b3
{[%clk 0:02:47]} Nc5 {[%clk 0:02:25]} 13. Bb2 {[%clk 0:02:47]} a4
{[%clk 0:02:06]} 14. Nb5 {[%clk 0:02:33]} axb3 {[%clk 0:01:53]} 15. axb3
{[%clk 0:02:21]} Bxb2 {[%clk 0:01:42]} 16. Rxb2 {[%clk 0:02:22]} f5
{[%clk 0:01:31]} 17. exf5 {[%clk 0:01:38]} Bxf5 {[%clk 0:01:31]} 18. Nfd4
{[%clk 0:01:34]} e5 {[%clk 0:01:25]} 19. Nxf5 {[%clk 0:01:29]} gxf5
{[%clk 0:01:17]} 20. Rd1 {[%clk 0:01:27]} f4 {[%clk 0:00:57]} 21. Qf3
{[%clk 0:01:13]} Qg5 {[%clk 0:00:52]} 22. Qd5+ {[%clk 0:01:01]} Kh8
{[%clk 0:00:50]} 23. Nxd6 {[%clk 0:00:59]} Nd4 {[%clk 0:00:39]} 24. Rxd4
{[%clk 0:00:58]} f3 {[%clk 0:00:38]} 25. Bxf3 {[%clk 0:00:45]} Rxf3
{[%clk 0:00:36]} 26. Qxf3 {[%clk 0:00:38]} Qc1+ {[%clk 0:00:32]} 27. Rd1
{[%clk 0:00:36]} Qxb2 {[%clk 0:00:32]} 28. Qf6+ {[%clk 0:00:36]} Kg8
{[%clk 0:00:33]} 29. Nf5 {[%clk 0:00:36]} Qxf2+ {[%clk 0:00:32]} 30. Kh1
{[%clk 0:00:34]} 1-0

[Event "Team Championship (men blitz)"]
[Site "Sochi"]
[Date "2017.10.05"]
[Round "9.15"]
[White "Poliakov, Artem"]
[Black "Kobalia, Mikhail"]
[Result "1/2-1/2"]
[LiveChessVersion "1.4.8"]
[BlackElo "2568"]
[WhiteElo "2185"]

1. c4 {[%clk 0:03:03]} f5 {[%clk 0:03:03]} 2. Nc3 {[%clk 0:03:04]} Nf6
{[%clk 0:03:05]} 3. g3 {[%clk 0:03:05]} g6 {[%clk 0:03:06]} 4. Bg2
{[%clk 0:03:06]} Bg7 {[%clk 0:03:08]} 5. e3 {[%clk 0:03:07]} O-O {[%clk 0:03:08]}
6. Nge2 {[%clk 0:03:08]} d6 {[%clk 0:03:10]} 7. O-O Nc6 8. Rb1 {[%clk 0:03:07]}
a5 {[%clk 0:03:13]} 9. a3 {[%clk 0:03:08]} e5 {[%clk 0:03:14]} 10. b4
{[%clk 0:03:09]} axb4 {[%clk 0:03:14]} 11. axb4 {[%clk 0:03:10]} e4
{[%clk 0:03:15]} 12. d3 {[%clk 0:03:04]} exd3 {[%clk 0:03:15]} 13. Qxd3
{[%clk 0:03:05]} Ne5 {[%clk 0:03:17]} 14. Qd4 {[%clk 0:02:57]} Kh8
{[%clk 0:03:08]} 15. c5 {[%clk 0:02:38]} Nfg4 {[%clk 0:03:08]} 16. Qd5
{[%clk 0:02:25]} dxc5 17. Qxc5 {[%clk 0:02:14]} c6 {[%clk 0:02:45]} 18. Rd1
{[%clk 0:02:07]} Qe8 {[%clk 0:02:42]} 19. h3 {[%clk 0:01:56]} Nf6
{[%clk 0:02:43]} 20. b5 {[%clk 0:01:56]} Bd7 {[%clk 0:02:42]} 21. bxc6
{[%clk 0:01:45]} Bxc6 {[%clk 0:02:44]} 22. Bxc6 {[%clk 0:01:43]} bxc6
{[%clk 0:02:45]} 23. Kg2 {[%clk 0:01:17]} Ne4 {[%clk 0:02:46]} 24. Nxe4
{[%clk 0:00:45]} fxe4 {[%clk 0:02:48]} 25. Bb2 {[%clk 0:00:45]} Qf7
{[%clk 0:02:14]} 26. Nf4 {[%clk 0:00:44]} Rae8 {[%clk 0:02:16]} 27. h4
{[%clk 0:00:35]} Qc7 {[%clk 0:01:35]} 28. Rbc1 {[%clk 0:00:21]} Rf6
{[%clk 0:00:55]} 29. Rc2 {[%clk 0:00:16]} h6 {[%clk 0:00:56]} 30. Nd5
{[%clk 0:00:08]} Qd8 {[%clk 0:00:25]} 31. Nxf6 {[%clk 0:00:06]} Qxd1
{[%clk 0:00:26]} 32. Nxe8 {[%clk 0:00:07]} Qf3+ {[%clk 0:00:27]} 33. Kg1
{[%clk 0:00:07]} Qd1+ 34. Kg2 Qf3+ {[%clk 0:00:29]} 35. Kg1 {[%clk 0:00:10]} Qd1+
{[%clk 0:00:30]} 36. Kg2 {[%clk 0:00:11]} Qf3+ {[%clk 0:00:30]} 37. Kg1
{[%clk 0:00:11]} 1/2-1/2

[Event "Team Championship (men blitz)"]
[Site "Sochi"]
[Date "2017.10.05"]
[Round "9.16"]
[White "Motylev, Alexander"]
[Black "Maltsevskaya, Aleksandra"]
[Result "1-0"]
[LiveChessVersion "1.4.8"]
[BlackElo "2203"]
[WhiteElo "2551"]

1. e4 {[%clk 0:03:02]} c5 {[%clk 0:03:03]} 2. Nf3 {[%clk 0:03:03]} e6
{[%clk 0:03:04]} 3. d4 {[%clk 0:03:03]} cxd4 {[%clk 0:03:04]} 4. Nxd4
{[%clk 0:03:04]} Nc6 {[%clk 0:03:05]} 5. Nc3 {[%clk 0:03:05]} a6 {[%clk 0:03:05]}
6. Qd3 {[%clk 0:03:06]} Nf6 {[%clk 0:03:01]} 7. Nxc6 {[%clk 0:02:57]} bxc6
{[%clk 0:02:58]} 8. e5 {[%clk 0:02:58]} Nd5 {[%clk 0:02:53]} 9. Ne4
{[%clk 0:03:00]} a5 {[%clk 0:02:36]} 10. c4 {[%clk 0:02:53]} Ba6 {[%clk 0:02:36]}
11. Be2 {[%clk 0:02:34]} Bb4+ {[%clk 0:01:59]} 12. Bd2 {[%clk 0:02:36]} O-O
{[%clk 0:00:26]} 13. O-O {[%clk 0:02:31]} Bxd2 {[%clk 0:00:19]} 14. Qxd2
{[%clk 0:02:31]} Ne7 {[%clk 0:00:14]} 15. Nc5 {[%clk 0:02:26]} Qb6
{[%clk 0:00:11]} 16. Nxd7 {[%clk 0:02:01]} Rad8 {[%clk 0:00:11]} 17. Rfd1
{[%clk 0:02:00]} Qc7 {[%clk 0:00:09]} 18. Qd6 {[%clk 0:01:58]} Qxd6
{[%clk 0:00:08]} 19. Rxd6 {[%clk 0:01:58]} Nf5 {[%clk 0:00:08]} 20. Rdd1
{[%clk 0:01:59]} Rfe8 {[%clk 0:00:07]} 21. Nc5 {[%clk 0:01:59]} Bc8
{[%clk 0:00:06]} 22. Rxd8 {[%clk 0:01:39]} Rxd8 {[%clk 0:00:06]} 23. Rd1
{[%clk 0:01:40]} Nd4 {[%clk 0:00:00]} 24. Kf1 1-0

[Event "Team Championship (men blitz)"]
[Site "Sochi"]
[Date "2017.10.05"]
[Round "9.17"]
[White "Artemiev, Vladislav"]
[Black "Sarana, Alexey"]
[Result "0-1"]
[LiveChessVersion "1.4.8"]
[BlackElo "2574"]
[WhiteElo "2729"]

1. e4 {[%clk 0:03:01]} c6 {[%clk 0:03:00]} 2. d4 {[%clk 0:03:01]} d5
{[%clk 0:03:01]} 3. exd5 {[%clk 0:03:02]} cxd5 {[%clk 0:03:02]} 4. Bd3
{[%clk 0:03:03]} Nc6 {[%clk 0:03:03]} 5. c3 {[%clk 0:03:04]} Nf6 {[%clk 0:02:58]}
6. Bf4 {[%clk 0:03:05]} Bg4 {[%clk 0:02:58]} 7. Qb3 {[%clk 0:03:05]} Qd7
{[%clk 0:02:47]} 8. Nd2 {[%clk 0:03:06]} e6 {[%clk 0:02:40]} 9. Ngf3
{[%clk 0:03:07]} Bd6 {[%clk 0:02:24]} 10. Bxd6 {[%clk 0:03:07]} Qxd6
{[%clk 0:02:25]} 11. O-O {[%clk 0:03:07]} O-O {[%clk 0:02:25]} 12. Rfe1
{[%clk 0:03:08]} Nd7 {[%clk 0:02:20]} 13. Qc2 {[%clk 0:03:09]} h6
{[%clk 0:02:19]} 14. Nh4 {[%clk 0:02:50]} e5 {[%clk 0:02:17]} 15. Bh7+
{[%clk 0:01:59]} Kh8 {[%clk 0:02:17]} 16. Bf5 {[%clk 0:01:59]} Bxf5
{[%clk 0:02:14]} 17. Nxf5 {[%clk 0:01:59]} Qf6 {[%clk 0:02:12]} 18. dxe5
{[%clk 0:01:58]} Ndxe5 {[%clk 0:02:12]} 19. Rad1 {[%clk 0:01:45]} Rad8
{[%clk 0:02:11]} 20. Nf1 {[%clk 0:01:29]} g6 {[%clk 0:01:59]} 21. Nd4
{[%clk 0:01:03]} Nxd4 {[%clk 0:01:56]} 22. Rxd4 {[%clk 0:01:02]} Nc6
{[%clk 0:01:57]} 23. Rdd1 {[%clk 0:00:52]} d4 {[%clk 0:01:58]} 24. cxd4
{[%clk 0:00:31]} Nxd4 {[%clk 0:01:53]} 25. Qe4 {[%clk 0:00:32]} b6
{[%clk 0:01:40]} 26. Ng3 {[%clk 0:00:24]} Ne6 {[%clk 0:01:32]} 27. Qe3
{[%clk 0:00:19]} Kg7 {[%clk 0:01:24]} 28. Qa3 {[%clk 0:00:15]} Rxd1
{[%clk 0:01:08]} 29. Rxd1 {[%clk 0:00:16]} Rd8 {[%clk 0:01:09]} 30. Rxd8
{[%clk 0:00:08]} Qxd8 {[%clk 0:01:10]} 31. Qc3+ {[%clk 0:00:08]} Qd4
{[%clk 0:01:08]} 32. Ne2 {[%clk 0:00:08]} Qxc3 {[%clk 0:01:09]} 33. Nxc3
{[%clk 0:00:09]} Kf6 {[%clk 0:01:02]} 34. Kf1 {[%clk 0:00:06]} Ke5
{[%clk 0:01:03]} 35. g3 {[%clk 0:00:05]} a6 {[%clk 0:00:59]} 36. Ke2
{[%clk 0:00:05]} Kd4 {[%clk 0:00:59]} 37. Kd2 {[%clk 0:00:06]} Nc5
{[%clk 0:00:59]} 38. f3 {[%clk 0:00:07]} g5 {[%clk 0:00:51]} 39. Ne2+
{[%clk 0:00:08]} Kc4 {[%clk 0:00:51]} 40. Kc2 {[%clk 0:00:09]} f5
{[%clk 0:00:45]} 41. b3+ {[%clk 0:00:10]} Kd5 {[%clk 0:00:46]} 42. Kd2
{[%clk 0:00:10]} b5 {[%clk 0:00:43]} 43. Ke3 {[%clk 0:00:06]} Ne6
{[%clk 0:00:27]} 44. f4 {[%clk 0:00:08]} gxf4+ {[%clk 0:00:16]} 45. Nxf4+
{[%clk 0:00:07]} Nxf4 {[%clk 0:00:18]} 46. Kxf4 {[%clk 0:00:08]} Ke6
{[%clk 0:00:19]} 47. g4 {[%clk 0:00:04]} fxg4 {[%clk 0:00:20]} 48. Kxg4
{[%clk 0:00:05]} Kf6 {[%clk 0:00:22]} 49. Kf4 {[%clk 0:00:05]} b4
{[%clk 0:00:19]} 50. Ke4 {[%clk 0:00:04]} Kg5 {[%clk 0:00:21]} 51. Kf3
{[%clk 0:00:05]} Kh4 {[%clk 0:00:22]} 52. Kg2 {[%clk 0:00:05]} Kg4
{[%clk 0:00:23]} 53. Kf2 {[%clk 0:00:07]} h5 {[%clk 0:00:18]} 54. Kg2
{[%clk 0:00:07]} Kh4 {[%clk 0:00:14]} 55. Kf2 {[%clk 0:00:08]} Kg4
{[%clk 0:00:13]} 56. Kg2 {[%clk 0:00:09]} Kf4 {[%clk 0:00:14]} 57. Kh3
{[%clk 0:00:11]} Kf5 {[%clk 0:00:14]} 58. Kh4 {[%clk 0:00:12]} Kg6
{[%clk 0:00:16]} 59. Kg3 {[%clk 0:00:11]} Kg5 {[%clk 0:00:17]} 60. Kf3
{[%clk 0:00:10]} Kh4 {[%clk 0:00:18]} 61. Kg2 {[%clk 0:00:10]} Kg4
{[%clk 0:00:19]} 62. Kf2 {[%clk 0:00:11]} Kf4 {[%clk 0:00:19]} 63. Kg2
{[%clk 0:00:13]} Ke3 {[%clk 0:00:13]} 64. Kg3 {[%clk 0:00:14]} Kd2
{[%clk 0:00:14]} 65. Kh4 {[%clk 0:00:15]} Kc2 {[%clk 0:00:16]} 66. Kxh5
{[%clk 0:00:16]} Kb2 {[%clk 0:00:17]} 67. h4 {[%clk 0:00:16]} Kxa2
{[%clk 0:00:18]} 68. Kg4 {[%clk 0:00:10]} Kxb3 {[%clk 0:00:19]} 69. h5
{[%clk 0:00:12]} Ka2 {[%clk 0:00:20]} 70. h6 {[%clk 0:00:13]} b3 {[%clk 0:00:22]}
71. h7 {[%clk 0:00:13]} b2 {[%clk 0:00:23]} 72. h8=Q {[%clk 0:00:13]} b1=Q
{[%clk 0:00:24]} 73. Qe5 {[%clk 0:00:06]} Qb4+ {[%clk 0:00:22]} 74. Kg3
{[%clk 0:00:06]} a5 {[%clk 0:00:23]} 75. Qe8 {[%clk 0:00:03]} a4 {[%clk 0:00:22]}
76. Kg2 {[%clk 0:00:04]} Qc4 {[%clk 0:00:22]} 77. Qe3 {[%clk 0:00:04]} Qc2+
{[%clk 0:00:23]} 78. Kg1 {[%clk 0:00:04]} Kb1 {[%clk 0:00:18]} 79. Qb6+
{[%clk 0:00:05]} Qb3 {[%clk 0:00:19]} 80. Qg6+ {[%clk 0:00:06]} Kb2
{[%clk 0:00:20]} 81. Qf6+ {[%clk 0:00:07]} Qc3 {[%clk 0:00:21]} 82. Qb6+
{[%clk 0:00:09]} Ka1 {[%clk 0:00:21]} 83. Qd8 {[%clk 0:00:04]} a3
{[%clk 0:00:19]} 84. Qd1+ {[%clk 0:00:05]} Kb2 {[%clk 0:00:21]} 85. Qe2+
{[%clk 0:00:07]} Qc2 {[%clk 0:00:19]} 86. Qe5+ {[%clk 0:00:07]} Kb1
{[%clk 0:00:19]} 87. Qb5+ {[%clk 0:00:07]} Ka1 {[%clk 0:00:16]} 88. Qe5+
{[%clk 0:00:08]} Qb2 {[%clk 0:00:17]} 89. Qc5 {[%clk 0:00:06]} Qb3
{[%clk 0:00:12]} 90. Qd4+ {[%clk 0:00:06]} Ka2 {[%clk 0:00:13]} 91. Qd2+
{[%clk 0:00:07]} Kb1 {[%clk 0:00:14]} 92. Qe1+ {[%clk 0:00:08]} Kb2
{[%clk 0:00:15]} 93. Qd2+ {[%clk 0:00:08]} Qc2 {[%clk 0:00:16]} 94. Qb4+
{[%clk 0:00:09]} Ka2 {[%clk 0:00:17]} 95. Qd6 {[%clk 0:00:08]} Qc3
{[%clk 0:00:13]} 96. Kh2 {[%clk 0:00:06]} Ka1 {[%clk 0:00:13]} 97. Qd1+
{[%clk 0:00:04]} Kb2 {[%clk 0:00:14]} 98. Qd6 {[%clk 0:00:03]} a2
{[%clk 0:00:15]} 99. Qb6+ {[%clk 0:00:04]} Kc2 {[%clk 0:00:14]} 100. Qg6+
{[%clk 0:00:05]} Qd3 {[%clk 0:00:13]} 101. Qc6+ {[%clk 0:00:06]} Kd1
{[%clk 0:00:11]} 102. Qh1+ {[%clk 0:00:07]} Kd2 {[%clk 0:00:11]} 103. Qa1
{[%clk 0:00:04]} Qb3 {[%clk 0:00:07]} 104. Qd4+ {[%clk 0:00:05]} Kc2
{[%clk 0:00:07]} 105. Qe4+ {[%clk 0:00:06]} Qd3 {[%clk 0:00:07]} 106. Qa4+
{[%clk 0:00:06]} Kb1 {[%clk 0:00:08]} 107. Qb4+ {[%clk 0:00:06]} Kc1
{[%clk 0:00:09]} 108. Qc5+ {[%clk 0:00:07]} Qc2+ {[%clk 0:00:10]} 0-1

[Event "Team Championship (men blitz)"]
[Site "Sochi"]
[Date "2017.10.05"]
[Round "9.19"]
[White "Timofeev, Artyom"]
[Black "Lugovskoy, Maxim"]
[Result "1-0"]
[LiveChessVersion "1.4.8"]
[BlackElo "2512"]
[WhiteElo "2619"]

1. e4 {[%clk 0:03:03]} e6 {[%clk 0:03:04]} 2. d4 {[%clk 0:03:03]} d5
{[%clk 0:03:05]} 3. Nd2 {[%clk 0:03:04]} Nf6 {[%clk 0:03:06]} 4. e5
{[%clk 0:03:03]} Nfd7 {[%clk 0:03:07]} 5. Bd3 {[%clk 0:03:04]} c5
{[%clk 0:03:08]} 6. c3 {[%clk 0:03:06]} Nc6 {[%clk 0:03:10]} 7. Ne2
{[%clk 0:03:06]} cxd4 {[%clk 0:03:11]} 8. cxd4 {[%clk 0:03:07]} f6
{[%clk 0:03:13]} 9. exf6 {[%clk 0:03:06]} Qxf6 {[%clk 0:03:14]} 10. Nf3
{[%clk 0:03:07]} h6 {[%clk 0:03:15]} 11. O-O {[%clk 0:03:06]} Bd6
{[%clk 0:03:16]} 12. a3 {[%clk 0:02:36]} O-O {[%clk 0:03:14]} 13. Bc2
{[%clk 0:02:37]} Rd8 {[%clk 0:03:14]} 14. Qd3 {[%clk 0:02:37]} Nf8
{[%clk 0:03:15]} 15. Ng3 {[%clk 0:02:31]} Bd7 {[%clk 0:03:17]} 16. Re1
{[%clk 0:02:30]} Be8 {[%clk 0:03:17]} 17. Qe3 {[%clk 0:02:28]} Rac8
{[%clk 0:03:11]} 18. Bd3 {[%clk 0:02:22]} Bg6 {[%clk 0:03:07]} 19. Bb5
{[%clk 0:02:20]} Na5 {[%clk 0:02:38]} 20. Bd2 {[%clk 0:02:20]} Nc4
{[%clk 0:02:36]} 21. Bxc4 {[%clk 0:02:21]} Rxc4 {[%clk 0:02:34]} 22. Bc3
{[%clk 0:02:07]} Qf7 {[%clk 0:02:29]} 23. Ne5 {[%clk 0:02:05]} Bxe5
{[%clk 0:02:29]} 24. Qxe5 {[%clk 0:02:06]} Qf6 {[%clk 0:02:17]} 25. Qe3
{[%clk 0:02:03]} Rdc8 {[%clk 0:02:11]} 26. Qd2 {[%clk 0:02:03]} R4c6
{[%clk 0:02:02]} 27. Re3 {[%clk 0:02:03]} Nd7 {[%clk 0:01:52]} 28. Rae1
{[%clk 0:02:03]} Nb6 {[%clk 0:01:50]} 29. Rf3 {[%clk 0:02:02]} Qg5
{[%clk 0:01:46]} 30. Qd1 {[%clk 0:01:44]} Nc4 {[%clk 0:01:46]} 31. a4
{[%clk 0:01:45]} h5 {[%clk 0:01:39]} 32. b3 {[%clk 0:01:27]} Nd6 {[%clk 0:01:05]}
33. Bd2 {[%clk 0:01:23]} Qe7 {[%clk 0:01:07]} 34. Rfe3 {[%clk 0:01:14]} Ne4
{[%clk 0:01:01]} 35. Nxe4 {[%clk 0:01:11]} dxe4 {[%clk 0:00:56]} 36. Rg3
{[%clk 0:01:10]} Kh7 {[%clk 0:00:51]} 37. h4 {[%clk 0:01:03]} Rc2
{[%clk 0:00:50]} 38. Be3 {[%clk 0:00:59]} Qf7 {[%clk 0:00:49]} 39. Rg5
{[%clk 0:00:54]} R8c3 {[%clk 0:00:38]} 40. Kh1 {[%clk 0:00:37]} Rb2
{[%clk 0:00:35]} 41. d5 {[%clk 0:00:38]} exd5 {[%clk 0:00:34]} 42. Rxd5
{[%clk 0:00:39]} Rcc2 {[%clk 0:00:27]} 43. Rd7 {[%clk 0:00:37]} Qf6
{[%clk 0:00:28]} 44. Qd4 {[%clk 0:00:26]} Qf8 {[%clk 0:00:05]} 45. Rxb7
{[%clk 0:00:21]} a5 {[%clk 0:00:05]} 46. Qe5 {[%clk 0:00:20]} Re2
{[%clk 0:00:05]} 47. Rxe2 {[%clk 0:00:20]} Rxe2 {[%clk 0:00:06]} 48. Bd4
{[%clk 0:00:20]} 1-0